000 00443nam a2200181 i 4500
001 bg
100 1 _aDANIELS, Klaus
245 4 _aDie Hochdruckklimaanlagen /
_cKlaus Daniels.
250 _a3te naubearb. u. erweit. Aufl.
260 _aDüsseldorf :
_bVDI,
_c1977.
020 _a3184003116
040 _cBPK
041 _apol
080 _a697.94
920 _a3-18-400311-6
942 _cKS
008 s pl f |000 0 pol
999 _c17355
_d17355
856 _uhttp://koha.tu.koszalin.pl/cgi-bin/koha/opac-detail.pl?biblionumber=17355
_yKatalog online BPK